MARC

LEADER 00000nam0a2200000 4500
001 248351
005 20231101232359.0
010 |a 5283024334 
035 |a (RuTPU)RU\TPU\book\270128 
090 |a 248351 
100 |a 20140122d1988 k y0rusy50 ca 
101 1 |a rus  |c eng 
102 |a RU 
105 |a a z 001zy 
200 1 |a Оценка надежности электроэнергетических систем  |e пер. с англ.  |f Р. Биллинтон, Р. Аллан 
210 |a Москва  |c Энергоатомиздат  |d 1988 
215 |a 288 с.  |c ил. 
225 1 |a Надежность и качество 
320 |a Библиогр.: с. 260-273. 
606 1 |a Энергетические системы  |x Надежность  |2 stltpush  |3 (RuTPU)RU\TPU\subj\21262  |9 46281 
610 1 |a электроэнергия 
610 1 |a вероятностные методы 
610 1 |a генерация 
610 1 |a реальные системы 
610 1 |a исследование 
610 1 |a объединенные энергосистемы 
610 1 |a оперативный запас 
610 1 |a расчет 
675 |a 621.311.019  |v 3 
700 1 |a Биллинтон  |b Р. 
701 1 |a Аллан  |b Р. 
801 1 |a RU  |b 63413507  |c 20140122 
801 2 |a RU  |b 63413507  |c 20140617  |g RCR 
942 |c BK